Statystyki dla Państwa Ameryki Południowej

Kliknij tutaj aby rozwiązać quiz!

Ogólne statystyki

  • Ten quiz został rozwiązany 236 483 razy
  • Średni wynik to 10 z 12

Odpowiedzi na mapie

Odpowiedzi skodowane kolorowo w zielono-czerwonej skali na mapie do tego quizu, zgodnie z poniższymi procentami.
 

Statystyki odpowiedzi

Kraj% Poprawnych
Brazylia
99%
Argentyna
98%
Chile
96%
Peru
88%
Kolumbia
87%
Urugwaj
87%
Boliwia
83%
Wenezuela
83%
Paragwaj
80%
Ekwador
77%
Gujana
66%
Surinam
57%

Rozkład punktacji

Percentyl według liczby udzielonych odpowiedzi

Procent ludzi z każdym wynikiem

Twoja historia wyników

Nie rozwiązałeś tego quizu